000 00659nam a2200265 a 4500
003 AR-BaBNM
005 20251128204048.0
008 082120s2002 ||||||||||||||000 | spa||
040 _cAR-BaBNM
100 1 _aNeruda, Pablo
245 0 0 _aArte de pájaros
260 _aBuenos Aires
_bLosada
_c1973
300 _a230 p.
_bil.
650 4 _aLITERATURA CHILENA
650 4 _aPOESIA
650 4 _aORNITOLOGIA
650 4 _aLIBROS DE ARTE
650 4 _aLITERATURA LATINOAMERICANA
650 4 _aESCRITORES
655 _aLITERATURA
700 1 _aEscamez, Julio
_eilustrador
700 1 _aHerrera, Héctor
_eilustrador
942 _cBK
998 _cMARTIN
999 _c6015
_d6015